| 000 | 00787nam a2200241Ia 4500 | ||
|---|---|---|---|
| 003 | OSt | ||
| 005 | 20260319143346.0 | ||
| 008 | 220923b |||||||| |||| 00| 0 eng d | ||
| 020 | _a0195678389 | ||
| 037 | _cTextbook | ||
| 040 |
_aRTL _cRTL _beng |
||
| 041 |
_2eng _aeng |
||
| 084 |
_aY:47.2 P5/TD _qRTL |
||
| 100 |
_aRay, Raka _9303238 |
||
| 245 | 0 | _aSocial movements in India: Poverty, power and politics. | |
| 260 |
_a New Delhi _bOxford University Press _c2005 |
||
| 300 |
_avii, 311 p. _bincludes bibliographical references and index |
||
| 500 | _aBibliography: P269-297 | ||
| 650 | _aSociology | ||
| 700 |
_a Katzenstein, Mary Fainsod _9103329 |
||
| 942 |
_hY:47.2, P5/TD _cTB _2CC |
||
| 999 |
_c607533 _d607533 |
||